01121 2200349 4500001002100000005001500021035002000036007000300056008004100059040002200100100009900122245008700221300004600308504002500354020002200379082001600401084001800417090002200435250003000457264004300487336002100530337003000551338002300581500001100604650002400615700002200639700002800661700002600689850001200715999002200727990002200749INLIS00000000087708320230310021131 a0010-0323000350ta221114s2022 yoia g 1 ind d aYOPDYOGbinderda0 aIbnu Khaldund1977-dIbnu Khaldund1977-d1977-epengarangepengarangeIbnu Khaldunepengarang10aBuku ajar pendidikan antikorupsi /cIbnu Khaldun, Taufik, Edy Suparjan, Ady Irawan axi, 164 halaman :btabel, gambar ;c23 cm aBibliografi: 150-155 a978-623-5361-74-104223a370.114 a370.114 IBN b aCB-D.11 2022-2519 aCetakan pertama, Mei 202231aSleman :bBintang Semesta Media,c2022 2rdacontentateks 2rdamediaatanpa perantara 2rdacarrieravolume aIndeks 4aPendidikan karakter0 aTaufikepengarang0 aEdy Suparjanepengarang0 aAdy Irawanepengarang aYOPDYOG aCB-D.11/2022-2519 aCB-D.11/2022-2519